Basketbalistky ŽBK Poprad postupili medzi štvoricu najlepších

Bibliographic Details
Other Authors: Michnica, J. (Photographer)
Format: Article
Language:Slovak
PhysicalDescription:Fotogr.
Subjects:

MARC

LEADER 00000nab a2200000 ar4500
001 vtls008962420
003 SK-MaSNL
005 20260303070723.0
008 070410c2007 xo wr|p|||||||000 b|slo
038 |a PPPK 
040 |a PPPKCL  |b slo  |c PPPK  |e AACR2 
041 0 |a slo 
044 |a xo  |c SK 
080 |a 796.323.2.093.1  |2 1997 
245 0 0 |a Basketbalistky ŽBK Poprad postupili medzi štvoricu najlepších  |c [autor] (ttk) : foto J. Michnica 
300 |b Fotogr. 
610 2 7 |a ŽBK Whirlpool Poprad  |2 pppkcl  |9 1023824 
648 7 |a sezóna 2006/2007  |2 pppkcl  |9 1032718 
650 0 7 |a basketbal  |2 pppkcl  |9 3290 
650 0 7 |a extraliga žien  |2 pppkcl  |9 1016607 
650 0 7 |a štvrťfinále play-off  |2 pppkcl  |9 1033439 
650 0 7 |a výsledky  |2 pppkcl  |9 493505 
651 7 |a Poprad (Slovensko)  |2 pppkcl  |9 20155 
700 1 |a Michnica, J.  |4 pht  |9 924295 
773 0 |t Poprad : noviny občanov mesta  |g Roč. XVIII, č. 25 (2007), s. 4 
852 |a PPPK  |b KIS3GCP 
999 |c 1756645  |d 1758575